000 01101nam a22002177a 4500
003 BUBTL
008 240124b ||||| |||| 00| 0 eng d
020 _a9789840427437
041 _aben
082 _a891.44/ Az11l/ 1992
100 _92272
_aআজাদ, হুমায়ুন
245 _aলাল নীল দীপাবলি বা বাঙলা সাহিত্যের জীবনী /
_cহুমায়ুন আজাদ
250 _a2nd ed.
260 _aঢাকা :
_bআগামী প্রকাশনী,
_cc1992
300 _a143 p. :
_c22 cm.
505 _aলাল নীল দীপাবলি বা বাঙলা সাহিত্যের জীবনী, হুমায়ুন আজাদ, বাংলা সাহিত্য, বাঙালি বাঙলা বাঙলাদেশ, বাঙলা সাহিত্যের তিন যুগ, চর্যাপদ
650 0 _91687
_aবাংলা সাহিত্য
856 _k0
_l0
_yDownload
942 _2ddc
_cBK
999 _c7193
_d7193